00602nam a2200157 a 450000100100000000500170001000800410002704000250006811000770009324500530017026000550022330000350027804900090031395201050032299900170042700003153620200930063011.0110627s1997 dr 000 0 spa d aDO-SdBNPbspacBNPHU1 aRepública DominicanabSuprema Corte de JusticiabPoder Judicial95790214aLos jueces de la Suprema Corte de Justicia 1997. aSanto Domingo :bSuprema Corte de Justicia,c1997. a67 p. :bil., retrs. ;c30 cm. aBNPD 0010718PDaPDbPDcCTd2011-06-27iLF1l0o p31536-10r2020-06-25w2020-06-25yLFPDZNo se presta c31028d31028